Government Crisis in Slovakia in 2021
Koaličná kríza na Slovensku eskalujúca počas prvých mesiacov roku 2021. Politická kríza na Slovensku sa prehĺbila začiatkom marca 2021 po tom, čo člen vládnej koalície požadoval rekonštrukciu vlády. Krízu vyvolala tajná dohoda o kúpe ruskej vakcíny proti koronavírusu Sputnik V, ktorú zorganizoval pr...
Enregistré dans:
| Auteur principal: | |
|---|---|
| Format: | Chapitre de livre |
| Langue: | anglais |
| Sujets: | |
| Tags: |
Pas de tags, Soyez le premier à ajouter un tag!
|
MARC
| LEADER | 00000naa$a2200000$$$4500 | ||
|---|---|---|---|
| 001 | 0279007 | ||
| 005 | 20240502074330.5 | ||
| 041 | 0 | |a eng | |
| 044 | |a SK | ||
| 245 | 1 | 0 | |a Government Crisis in Slovakia in 2021 |c Peter Csányi |
| 520 | |a Koaličná kríza na Slovensku eskalujúca počas prvých mesiacov roku 2021. Politická kríza na Slovensku sa prehĺbila začiatkom marca 2021 po tom, čo člen vládnej koalície požadoval rekonštrukciu vlády. Krízu vyvolala tajná dohoda o kúpe ruskej vakcíny proti koronavírusu Sputnik V, ktorú zorganizoval predseda vlády krajiny napriek nesúhlasu jeho koaličných partnerov. | ||
| 610 | 2 | 0 | |a Slovensko |
| 610 | 2 | 0 | |a vláda |
| 610 | 2 | 0 | |a kríza politická |
| 610 | 2 | 0 | |a pandémia |
| 610 | 2 | 0 | |a koronavírus |
| 610 | 2 | 0 | |a koronakríza |
| 100 | 1 | |a Csányi, Peter, 1978- | |